00523nam a2200181 a 4500001001300000003000900013005001700022008004100039020001400080082001300094100002100107245007300128260004600201300000900247500003500256505002900291700002100320nice12345678IN_TiNIC20260116014952.0050524s1994 nasa grp 000 0 eng  ac1057.5400a201bGRA aGraham, Franklin aRebel With a Causeb Finally Comfortable Being Graham: Autobiography aNashvillebThomas Nelson Publishersc1994 a314p aincludes index and biblioraphy2 aIndex of Name and Places1 aGraham, Franklin